Nové trendy vo výučbe cudzích jazykov na Ekonomickej univerzite

Salvato in:
Dettagli Bibliografici
Autore principale: Hrivíková, Tatiana, 1959-
Natura: Capitolo di libro
Lingua:slovacco
Tags: Aggiungi Tag
Nessun Tag, puoi essere il primo ad aggiungerne!!

MARC

LEADER 00000naa$a2200000$$$4500
001 0110813
005 20240502072227.2
041 0 |a slo 
044 |a SK 
245 1 0 |a Nové trendy vo výučbe cudzích jazykov na Ekonomickej univerzite  |c Tatiana Hrivíková 
100 1 |a Hrivíková, Tatiana, 1959-